000 00630nam a2200181 i 4500
001 bg
100 1 _aGiljarevskij, Rudžero Sergeevič.
245 1 0 _aInformacja naukowa i bibliotekoznawstwo - tendencje rozwoju i nauczania /
_cR. S. Giljarevskij ; [Przekł. z jęz. ros. Elżbieta Artowicz i in.].
260 _aWarszawa :
_bOśr. Inf. Nauk. PAN,
_c1976.
300 _as. 251 :
_btabl. nlb. 1.
500 _a[Na k. tyt. aut.] : R. S. Gilarewski.
504 _a[Zawiera bibliogr. s. 244-251].
040 _cBPK
041 _apol
080 _a371.3:002+01/02(07)
942 _cKS
008 s pl f |000 0 pol
999 _c17321
_d17321
856 _uhttp://koha.tu.koszalin.pl/cgi-bin/koha/opac-detail.pl?biblionumber=17321
_yKatalog online BPK